Pedagogía de la cooperación escolar / (Record no. 121231)

MARC details
000 -LEADER
campo de control de longitud fija 00621nam a2200193 4500
001 - NÚMERO DE CONTROL
campo de control 121231
003 - IDENTIFICADOR DE NÚMERO DE CONTROL
campo de control ES-MaACL
005 - FECHA Y HORA DE LA ÚLTIMA TRANSACCIÓN
campo de control 20230906191720.0
007 - CAMPO FIJO DE DESCRIPCIÓN FÍSICA--INFORMACIÓN GENERAL
campo de control de longitud fija t|
008 - DATOS DE LONGITUD FIJA--INFORMACIÓN GENERAL
campo de control de longitud fija 070214s1967 sp r ||||1| spa d
100 1# - ENTRADA PRINCIPAL--NOMBRE DE PERSONA
Nombre de persona Prévot, Georges.
9 (RLIN) 93825
245 10 - MENCIÓN DEL TÍTULO
Título Pedagogía de la cooperación escolar /
Mención de responsabilidad, etc. Georges Prévot ; traducción... por M. Bages de Brachfeld ; revisión por H. Pardellans.
250 ## - MENCION DE EDICION
Mención de edición 1ª ed.
260 ## - PUBLICACIÓN, DISTRIBUCIÓN, ETC.
Lugar de publicación, distribución, etc. Barcelona :
Nombre del editor, distribuidor, etc. Miracle,
Fecha de publicación, distribución, etc. 1967.
300 ## - DESCRIPCIÓN FÍSICA
Extensión 158 p. ;
Dimensiones 19 cm.
700 1# - ENTRADA AGREGADA--NOMBRE PERSONAL
Nombre de persona Bages de Brachfeld, María.
9 (RLIN) 24633
700 1# - ENTRADA AGREGADA--NOMBRE PERSONAL
Nombre de persona Pardellans, H.
9 (RLIN) 88947
852 ## - LOCALIZACIÓN
Ubicación ES-MaACL
Número de control de estantería C-51523
Sublocalización o colección R.67629
Holdings
Estatus retirado Estado de pérdida Estado de daño No para préstamo Biblioteca de origen Biblioteca actual Ubicación en estantería Fecha de adquisición Fuente de adquisición Total de préstamos Signatura topográfica completa Código de barras Visto por última vez Precio de reemplazo Tipo de ítem Koha
        Biblioteca del Ateneo de Madrid Biblioteca del Ateneo de Madrid Depósito 2 17/01/2008     C-51523 1126347 23/02/2023 23/02/2023 Libro impreso